| 000 | 02844nam a2200289 i 4500 | ||
|---|---|---|---|
| 001 | 153002 | ||
| 003 | ES-MaACL | ||
| 005 | 20250829103238.0 | ||
| 008 | 151216m19542010sp |||| | lat d | ||
| 020 | _a84-7232-734-5 | ||
| 080 | _a910.4(861)"17/18":58 | ||
| 080 | _a581.9(861):(0:74) | ||
| 245 | 0 | 0 |
_aFlora de la Real Expedición Botánica del Nuevo Reino de Granada : _b(1783-1816) / _cpromovida y dirigida por José Celestino Mutis ; publicada bajo los auspicios de los gobiernos de España y de Colombia [merced a la colaboración entre los institutos de Cultura Hispánica de Madrid y Bogotá, y el Real Jardín Botánico de Madrid ; coordinación técnica y redacción científica, Antonio González Bueno ; fotografía, Pablo Linés]. |
| 260 |
_aMadrid : _bCultura Hispánica, _c1954-[2010] |
||
| 300 |
_a9 v. : _bil. ; _c55 cm. |
||
| 505 | 1 | _aII. Algas, líquenes, hongos, hepáticas y musgos / determinó las láminas y redactó los textos Jaime Aguirre Ceballos, 1985 (IX, 83 p., [52] h. de lám. col. y n.) - III (I). Licopodiáceas. Hidrocaritáceas / determinaron las láminas y redactaron los textos Mª Teresa Murillo-Pulido, Santiago Díaz Piedrahita, 1985 (XI, 45 p., [37] h. de lám. col. y n.) - III (II). Ciperáceas y juncáceas / determinó las láminas y redactó los textos Luis Eduardo Mora-Osejo, 1985 (VII, 44, [47] h. de lám. col.) - V (I). Palmas y ciclantáceas / determinaron las láminas y redactaron los textos Gloria Galeano Garcés y Rodrigo Bernal-González, 1985 (VII, 36 p., [45] h. de lám. col. y n.) - VI. Liliáceas... Marantáceas / determinó las láminas y redactó los textos Gustavo Morales Lizcano, 1987 (IX, 64 p., [68] h. de lám. col. y n.) - IX. Microspermae. Orchidaceae III / determinó las láminas Charles Schweinfurth y elaboró los textos Álvaro Fernández Pérez, 1985 (43 p., [56] h. de lám. col. n.) XXXIX. Escrofulariáceas / determinó las láminas y redactó los textos José Luis Fernández Alonso; coordinación Teresa Armiñán, 1987 (IX, 92 p., [41] h. de lám. col. y n.) - XLV (I): Cucurbitales y campanulales / determinó las láminas y redactó los textos Santiago Díaz Piedrahita, 1985 (42 p., [50] h. de lám. col. y n.) - XLV (II). Cucurbitales y campanulales / determinó las láminas y redactó los textos Santiago Díaz Piedrahita,1985 (43-70 p.,[40] h. de lám. col. y n.) | |
| 650 | 4 |
_aFlora- _zColombia. _912900 |
|
| 650 | 7 |
_aIlustración botánica _2embne _9172689 |
|
| 700 | 1 |
_aMutis, José Celestino. _984734 |
|
| 700 | 1 |
_aGonzález Bueno, Antonio, _d1958- _9234713 |
|
| 700 | 1 |
_aLinés, Pablo _9149532 |
|
| 710 | 2 |
_aReal Jardín Botánico. _96359 |
|
| 710 | 2 |
_aInstituto de Cultura Hispánica (España) _94854 |
|
| 710 | 2 |
_aInstituto Colombiano de Cultura Hispánica. _94815 |
|
| 852 |
_aES-MaACL _jZ-511 |
||
| 999 |
_c153002 _d153002 |
||